Psychologie de l'anticipation (notice n° 1567647)
[ vue normale ]
| 000 -LEADER | |
|---|---|
| fixed length control field | 01608cam a2200169 4500500 |
| 005 - DATE AND TIME OF LATEST TRANSACTION | |
| control field | 20251214003238.0 |
| 041 ## - LANGUAGE CODE | |
| Language code of text/sound track or separate title | fre |
| 042 ## - AUTHENTICATION CODE | |
| Authentication code | dc |
| 100 10 - MAIN ENTRY--PERSONAL NAME | |
| Personal name | Sieroff, Éric |
| Relator term | author |
| 245 00 - TITLE STATEMENT | |
| Title | Psychologie de l'anticipation |
| 260 ## - PUBLICATION, DISTRIBUTION, ETC. | |
| Name of publisher, distributor, etc. | Armand Colin,<br/> |
| Date of publication, distribution, etc. | 2014.<br/> |
| 520 ## - SUMMARY, ETC. | |
| Summary, etc. | Les relations de l’humain au temps sont des marqueurs forts de son identité et de sa culture individuelle et collective, et l’anticipation y occupe une place de choix. Qu’en dit la psychologie contemporaine dans sa riche diversité ? Réunissant des auteurs appartenant à tous les champs de la psychologie, l’ouvrage envisage les divers aspects de l’anticipation, allant de son contexte social jusqu’à ses mécanismes intimes au niveau du cerveau. Il présente l’anticipation en rapport avec les questions de l’homme dans la société et dans son environnement de travail, dans ses relations avec l’émotion, la prise de décision et les risques, puis dans ses aspects cognitifs et neuropsychologiques ainsi que cliniques. Cette perspective permet de voir les similitudes et les différences de ces différentes approches, et les réponses qu’elles proposent aux multiples questions sur l’anticipation. Toutefois, toutes les théories insistent sur le coût cognitif et émotionnel de l’anticipation, qui en fait une notion centrale de la psychologie. |
| 700 10 - ADDED ENTRY--PERSONAL NAME | |
| Personal name | Drozda-Senkowska, Ewa |
| Relator term | author |
| 700 10 - ADDED ENTRY--PERSONAL NAME | |
| Personal name | Ergis, Anne-Marie |
| Relator term | author |
| 700 10 - ADDED ENTRY--PERSONAL NAME | |
| Personal name | Moutier, Sylvain |
| Relator term | author |
| 856 41 - ELECTRONIC LOCATION AND ACCESS | |
| Uniform Resource Identifier | <a href="https://shs.cairn.info/psychologie-de-l-anticipation--9782200287740?lang=fr&redirect-ssocas=7080">https://shs.cairn.info/psychologie-de-l-anticipation--9782200287740?lang=fr&redirect-ssocas=7080</a> |
Pas d'exemplaire disponible.




Réseaux sociaux